| 000 | 00000nam##2200000za#4500 |
| 001 | 9.651118 |
| 003 | CaOODSP |
| 005 | 20210615114802 |
| 007 | ta |
| 008 | 150407|2008||||xxc||||| f|0| 0 eng|d |
| 020 | |a978-0-662-48170-6 |
| 040 | |aCaOODSP|beng |
| 043 | |an-cn--- |
| 086 | 1 |aFs114-12/2008E |
| 110 | 1 |aCanada. |bDepartment of Fisheries and Oceans. |
| 245 | 10|aBanded Killifish : |bNewfoundland and Labrador population |
| 260 | |aSt. John's - Newfoundland and Labrador : |bFisheries and Oceans Canada |c[2008]. |
| 300 | |a2p. : |bcoloured map, illus., photographs ; |c28 cm. |
| 563 | |aPamphlet |
| 590 | |a09-16|b2009-04-17 |
| 690 | 07|aFish|2gcpds |
| 775 | 08|tFondule barré : |w(CaOODSP)9.684169 |
| 776 | 0#|tBanded Killifish : |w(CaOODSP)9.690814 |
| 986 | |aDFO/2008-1442 |